La luz en la pintura / (Record no. 88893)

MARC details
000 -LEADER
campo de control de longitud fija 00975nam a2200289 i 4500
001 - NÚMERO DE CONTROL
campo de control 88893
003 - IDENTIFICADOR DE NÚMERO DE CONTROL
campo de control ES-MaACL
005 - FECHA Y HORA DE LA ÚLTIMA TRANSACCIÓN
campo de control 20250815122158.0
007 - CAMPO FIJO DE DESCRIPCIÓN FÍSICA--INFORMACIÓN GENERAL
campo de control de longitud fija t|
008 - DATOS DE LONGITUD FIJA--INFORMACIÓN GENERAL
campo de control de longitud fija 041227s1998 sp ||||1| spa d
017 ## - NÚMERO DE COPYRIGHT O DE DEPÓSITO LEGAL
Número de copyright o de depósito legal B 14445-1998
040 ## - FUENTE DE CATALOGACIÓN
Centro/agencia transcriptor ES-MaACL
080 ## - NÚMERO DE LA CLASIFICACIÓN DECIMAL UNIVERSAL
Número de la Clasificación Decimal Universal 75.017.2
245 03 - MENCIÓN DEL TÍTULO
Título La luz en la pintura /
Mención de responsabilidad, etc. prologado por Antonio Gala.
260 ## - PUBLICACIÓN, DISTRIBUCIÓN, ETC.
Lugar de publicación, distribución, etc. Barcelona :
Nombre del editor, distribuidor, etc. Carroggio,
Fecha de publicación, distribución, etc. [1998]
300 ## - DESCRIPCIÓN FÍSICA
Extensión 126 p. :
Otras características físicas il. ;
Dimensiones 31 cm.
500 ## - NOTA GENERAL
Nota general Libro exclusivo para la oferta pública de venta de acciones de ENDESA 1998. Edición limitada.
650 #7 - PUNTO DE ACCESO ADICIONAL DE MATERIA--TÉRMINO DE MATERIA
Término de materia o nombre geográfico como elemento de entrada Pintura
Fuente del encabezamiento o término embne
9 (RLIN) 16002
650 #7 - PUNTO DE ACCESO ADICIONAL DE MATERIA--TÉRMINO DE MATERIA
Término de materia o nombre geográfico como elemento de entrada Luz (Arte)
9 (RLIN) 167217
700 1# - ENTRADA AGREGADA--NOMBRE PERSONAL
Nombre de persona Gala, Antonio,
Fechas asociadas al nombre 1936-2023
9 (RLIN) 226511
Término indicativo de función/relación Autor de introducción
700 ## - ENTRADA AGREGADA--NOMBRE PERSONAL
Nombre de persona Martínez-Novillo, Álvaro
9 (RLIN) 234037
Término indicativo de función/relación Autor
700 1# - ENTRADA AGREGADA--NOMBRE PERSONAL
Nombre de persona Triadó, Juan-Ramón
Término indicativo de función/relación Autor
9 (RLIN) 240804
852 ## - LOCALIZACIÓN
Ubicación ES-MaACL
Número de control de estantería E-10725
Sublocalización o colección R.134931
Encuadernación Encuadernación cartoné con sobrecubierta
942 ## - ELEMENTOS DE ENTRADA SECUNDARIOS (KOHA)
Tipo de ítem Koha Libro impreso
Suprimir en OPAC No
Holdings
Estatus retirado Estado de pérdida Estado de daño No para préstamo Biblioteca de origen Biblioteca actual Ubicación en estantería Fecha de adquisición Fuente de adquisición Total de préstamos Signatura topográfica completa Código de barras Visto por última vez Precio de reemplazo Tipo de ítem Koha
        Biblioteca del Ateneo de Madrid Biblioteca del Ateneo de Madrid Depósito 2 17/01/2008     E-10725 1092845 23/02/2023 23/02/2023 Libro impreso